Skyrim Städte - Statistiken

Allgemein
  • Dieses Quiz wurde 67 mal gespielt
  • Das Durchschnittsergebnis liegt bei 7 aus 9
Antwortstatistiken
Bildquiz Antwort % Korrekt
Weißlauf
98%
Einsamkeit
86%
Rifton
84%
Falkenring
82%
Windhelm
78%
Dämmerstern
76%
Winterfeste
73%
Markarth
69%
Morthal
65%
Keine übereinstimmenden Quizze gefunden
Verteilung der Resultate
Anzahl Personen mit jedem Resultat
Perzentil nach korrekt beantworteten Fragen
Ihre Resultats-Entwicklung
Sie haben dieses Quiz noch nicht gespielt